| 000 | 00638nam a2200229Ia 4500 | ||
|---|---|---|---|
| 001 | dia_7049 | ||
| 003 | CHAP | ||
| 008 | 220117s2005 xx 000 0 und d | ||
| 010 | _a178302 | ||
| 040 | _cCHAP | ||
| 090 | _aF 384 2005 | ||
| 110 |
_aNational Food Processors Association _9160754 |
||
| 245 |
_aThe food label & you : following food labels for healthy weight management / _c NFPA |
||
| 260 |
_aEstados Unidos de América : _b NFPA, _c2005 |
||
| 300 | _a13 p. | ||
| 901 | _aF 384 2005 | ||
| 902 | _aM | ||
| 905 | _a0000002005 -us 0000000000eng00 | ||
| 942 | _c12 | ||
| 942 | _c12 | ||
| 999 |
_c178302 _d178302 |
||